Legal Dimension of Human Rights in the technological Realm/ (Record no. 211685)

MARC details
000 -LEADER
fixed length control field 00713nam a22002057a 4500
005 - DATE AND TIME OF LATEST TRANSACTION
control field 20250610110644.0
010 ## - LCCN (DPL NO)
LC control number ENG-145265
020 ## - INTERNATIONAL STANDARD BOOK NUMBER
Terms of availability 600.00
International Standard Book Number 9789354454479
035 ## - SYSTEM CONTROL NUMBER
System control number EN-128797
037 ## - SOURCE OF ACQUISITION
Source of stock number/acquisition DBAD
082 ## - DEWEY DECIMAL CLASSIFICATION NUMBER
Classification number 323.4
Edition number 1
245 ## - TITLE STATEMENT
Title Legal Dimension of Human Rights in the technological Realm/
Statement of responsibility, etc Edited By Wasantha Seneviratne [and] Sourabh Ubale
250 ## - EDITION STATEMENT
Edition statement 1
260 ## - PUBLICATION, DISTRIBUTION, ETC. (IMPRINT)
Place of publication, distribution, etc Sri Lanka
Name of publisher, distributor, etc The Centre for the Study of Human Rights (CSHR)
Date of publication, distribution, etc 2021
270 ## - ADDRESS
Address Faculty of Law, University of Colombo
City Sri Lanka
300 ## - PHYSICAL DESCRIPTION
Extent viii, 240p.
Dimensions 29cm(pb)
700 ## - ADDED ENTRY--PERSONAL NAME
Personal name Seneviratne, Wasantha
Relator term Editor
9 (RLIN) 81817
700 ## - ADDED ENTRY--PERSONAL NAME
Personal name Ubale, Sourabh
Relator term Editor
9 (RLIN) 81818
942 ## - ADDED ENTRY ELEMENTS (KOHA)
Source of classification or shelving scheme Dewey Decimal Classification
Item type English Books
Call number suffix LEG
Classification part 323.4
Holdings
Withdrawn status Lost status Not for loan Collection code Home library Current library Date acquired Source of acquisition Cost, normal purchase price Full call number Barcode Copy number Cost, replacement price Koha item type
    Not For Loan Non-fiction D.B.Act.Division D.B.Act.Division 10/06/2025 Delivery of Books Act Division 600.00 LEG 323.4 EN-128797 1 600.00 English Books

© Delhi Public Library
Hit Counter
free hit counter